00345 a2200109 4500001001000000005001700010008004100027245006800068100002800136773005400164999001700218ART_2647620260410161933.0260409a 10aLa política de precios en la comercialización internacional1 aBarrionuevo, Gerardo R.0 tInformeg- Año II, Nº 14 (ago. 1970)wREV23765 c28784d28784